MARC

LEADER 00000nam0a2200000 4500
001 257194
005 20231101233200.0
020 |a RU  |b 88-5513 
035 |a (RuTPU)RU\TPU\book\279968 
090 |a 257194 
100 |a 20140415d1987 k a0rusy5003 ca 
101 0 |a rus 
102 |a RU 
105 |a a z 001zy 
200 1 |a Прикладные вопросы сейсмолитмологии  |f Академия наук СССР (АН СССР), Сибирское отделение (СО), Институт геологии и геофизики (ИГиГ) ; под ред. Н. П. Запивалова, Ю. Н. Карогодина 
210 |a Новосибирск  |c Наука  |d 1987 
215 |a 111 с.  |c ил.  |e Прил. (1 л. схем) 
320 |a Библиогр. в конце ст. 
606 1 |a Сейсмолитмология  |2 stltpush  |3 (RuTPU)RU\TPU\subj\54390  |9 72547 
610 1 |a сейсмическая стратиграфия 
610 1 |a сейсморазведка 
610 1 |a скважины 
610 1 |a исследования 
610 1 |a разрезы 
610 1 |a прогнозирование 
675 |a 551.3.051  |z rus 
702 1 |a Запивалов  |b Н. П.  |4 340 
702 1 |a Карогодин  |b Ю. Н.  |4 340 
712 0 2 |a Академия наук СССР (АН СССР)  |b Сибирское отделение (СО)  |b Институт геологии и геофизики (ИГиГ)  |c (Новосибирск)  |2 stltpush  |3 (RuTPU)RU\TPU\col\128 
801 0 |a RU  |b RuMRKP  |c 19950417  |g psbo 
801 1 |a RU  |b 63413507  |c 20140415 
801 2 |a RU  |b 63413507  |c 20140925  |g RCR 
942 |c BK